| 000 | 01170cam a22002893a 4500 | ||
|---|---|---|---|
| 001 | 1230 | ||
| 005 | 20241217121559.0 | ||
| 020 | _a0439411378 (pbk.) : | ||
| 040 |
_aDAJ _cDAJ _dOCLCQ _dDLC _beng |
||
| 050 | 0 | 0 | _aPZ7.G6578 |
| 082 | _a813.54 | ||
| 100 | 1 | _aKorman, Gordon | |
| 245 | 1 | 4 |
_aThe summit / _cGordon Korman |
| 260 |
_aNew York : _bScholastic, _c2002 |
||
| 300 |
_a154 pages ; _c20 cm _bIllustrations |
||
| 490 | 0 |
_aEverest ; _vBook 03 |
|
| 500 | _a"An Apple paperback." | ||
| 505 | _aR | ||
| 520 | _a"Four kids are prepared to go into thin air in order to become the youngest person ever to climb Everest. But they are not prepared for the challenges that await them as they get closer to the summit. Supplies are low. Conditions are extreme. One of the kids is trying to sabotage the others. And then the storm hits ..."--P. [4] of cover. | ||
| 521 |
_a760
_bLexile |
||
| 521 |
_aR
_bRaz-Plus |
||
| 650 | 0 |
_aMountaineering expeditions _zEverest, Mount (China and Nepal) _vFiction. |
|
| 655 | 7 |
_aChildren's stories. _2lcsh |
|
| 655 | 7 |
_aAdventure fiction. _2gsafd |
|
| 906 |
_a7 _bcbc _ccopycat _d2 _encip _f20 _gy-genrareb |
||
| 942 |
_2ddc _cBK _n0 |
||
| 999 |
_c1230 _d1230 |
||